[Event "RA April Active"]
[Site "Ottawa CAN"]
[Date "2005.04.07"]
[Round "1"]
[White "Schofield, Mark"]
[Black "Pacey, Kevin"]
[Result "0-1"]
[WhiteElo "1565"]
[BlackElo "2158"]
[PlyCount "88"]
[GameId "2160767910968795"]
[EventDate "2005.04.07"]
[EventType "swiss (rapid)"]
[EventRounds "6"]
[EventCountry "CAN"]

1. e4 c6 2. d4 d5 3. exd5 cxd5 4. c4 Nf6 5. Nc3 g6 6. Nf3 Bg7 7. Be2 O-O 8. O-O Nc6 9. Bf4 Bg4 10. h3 Bxf3 11. Bxf3 dxc4 12. Bxc6 bxc6 13. Be5 Nd5 14. Bxg7 Kxg7 15. Re1 e6 16. Ne4 Qb6 17. Qc2 Qxd4 18. Rad1 Nb4 19. Qe2 Nd3 20. Rd2 Qe5 21. Red1 f5 22. Nc3 Qxe2 23. Nxe2 e5 24. Nc1 e4 25. Ne2 Rab8 26. Nd4 Kf6 27. Nxc6 Rb6 28. Nd4 Rxb2 29. Rxb2 Nxb2 30. Rc1 Rd8 31. Rc2 Rxd4 32. Rxb2 Rd1+ 33. Kh2 Ke5 34. Rb7 Rd2 35. Rxa7 Rxf2 36. a4 Ra2 37. a5 f4 38. a6 e3 39. Re7+ Kf6 40. Re4 c3 41. Rxf4+ Ke5 42. Rc4 e2 43. Rc8 Rxa6 44. Re8+ Re6 0-1

[Event "RA April Active"]
[Site "Ottawa CAN"]
[Date "2005.04.07"]
[Round "2"]
[White "Pacey, Kevin"]
[Black "Sadeghi, Saeid"]
[Result "1-0"]
[WhiteElo "2158"]
[BlackElo "1836"]
[PlyCount "57"]
[GameId "2160767910968796"]
[EventDate "2005.04.07"]
[EventType "swiss (rapid)"]
[EventRounds "6"]
[EventCountry "CAN"]

1. Nf3 Nf6 2. b3 d5 3. e3 c5 4. Bb5+ Bd7 5. Qe2 a6 6. Bxd7+ Nbxd7 7. Bb2 e6 8. O-O Bd6 9. d3 O-O 10. e4 Bc7 11. e5 Nh5 12. Bc1 f6 13. g4 fxe5 14. gxh5 Qf6 15. Ne1 e4 16. c3 Bxh2+ 17. Kxh2 Qh4+ 18. Kg2 Rf3 19. Rh1 Qg4+ 20. Kf1 Raf8 21. Rh2 Ne5 22. dxe4 dxe4 23. Nxf3 Nxf3 24. Rh1 h6 25. Nd2 Rf5 26. Nxf3 Rxf3 27. Bxh6 Kh7 28. Be3 Qf5 29. Ke1 1-0

[Event "RA April Active"]
[Site "Ottawa CAN"]
[Date "2005.04.14"]
[Round "3"]
[White "Mai, Lloyd"]
[Black "Pacey, Kevin"]
[Result "0-1"]
[WhiteElo "1877"]
[BlackElo "2158"]
[PlyCount "76"]
[GameId "2160767910968797"]
[EventDate "2005.04.07"]
[EventType "swiss (rapid)"]
[EventRounds "6"]
[EventCountry "CAN"]

1. e4 c6 2. g3 d5 3. Nc3 d4 4. Nce2 g6 5. Bg2 Bg7 6. d3 c5 7. f4 Nf6 8. Nf3 Nc6 9. O-O O-O 10. h3 Bd7 11. g4 b5 12. Ng3 Qb6 13. f5 c4 14. g5 Ne8 15. Nh2 Ne5 16. Ng4 Nxg4 17. hxg4 Be5 18. Bf4 Qd6 19. Bxe5 Qxe5 20. Qf3 Nd6 21. Bh3 a5 22. Rf2 b4 23. Raf1 a4 24. Ne2 b3 25. a3 bxc2 26. Nf4 cxd3 27. Bg2 Bb5 28. Rc1 Rab8 29. Nd5 Bc4 30. Nb4 Rbc8 31. Qh3 Nxe4 32. Bxe4 Qxe4 33. f6 exf6 34. gxf6 Qe3 35. Qxe3 dxe3 36. Rff1 d2 37. Rxc2 Bxf1 38. Kxf1 d1=Q+ 0-1

[Event "RA April Active"]
[Site "Ottawa CAN"]
[Date "2005.04.14"]
[Round "4"]
[White "Pacey, Kevin"]
[Black "Nezirovic, Ozren"]
[Result "1/2-1/2"]
[WhiteElo "2158"]
[BlackElo "2088"]
[PlyCount "90"]
[GameId "2160767910968798"]
[EventDate "2005.04.07"]
[EventType "swiss (rapid)"]
[EventRounds "6"]
[EventCountry "CAN"]

1. c4 e5 2. Nc3 d6 3. Nf3 Nc6 4. d4 exd4 5. Nxd4 Nf6 6. g3 Ne5 7. Bg2 Be7 8. b3 O-O 9. O-O h6 10. Nd5 c6 11. Nxe7+ Qxe7 12. Bb2 Bd7 13. Qc2 Rad8 14. Rad1 Bc8 15. h3 g6 16. Kh2 a6 17. Nf3 Bf5 18. Qc1 g5 19. Nxg5 hxg5 20. Qxg5+ Bg6 21. f4 Nfg4+ 22. hxg4 Qxg5 23. fxg5 Nxg4+ 24. Kg1 Ne3 25. Rd4 Nxf1 26. Bxf1 Rfe8 27. Rh4 Re5 28. c5 Bh7 29. Bxe5 dxe5 30. Rb4 Rd7 31. Bh3 Rc7 32. e4 Kg7 33. Kf2 f6 34. gxf6+ Kxf6 35. Ke3 Bg8 36. Bf5 Kg5 37. a4 Bf7 38. a5 Kf6 39. Kd3 Be6 40. Bxe6 Kxe6 41. Ke3 Rg7 42. Kf3 Rd7 43. Ke3 Rg7 44. Kf3 Rd7 45. Ke3 Rg7 1/2-1/2

[Event "RA April Active"]
[Site "Ottawa CAN"]
[Date "2005.04.21"]
[Round "5"]
[White "Patterson, Roger"]
[Black "Pacey, Kevin"]
[Result "0-1"]
[WhiteElo "2150"]
[BlackElo "2158"]
[PlyCount "74"]
[GameId "2160767910968799"]
[EventDate "2005.04.07"]
[EventType "swiss (rapid)"]
[EventRounds "6"]
[EventCountry "CAN"]

1. e4 c6 2. d4 d5 3. exd5 cxd5 4. Bd3 Nc6 5. c3 g6 6. Nf3 Nh6 7. Bxh6 Bxh6 8. Nbd2 Bg7 9. O-O O-O 10. Qe2 Re8 11. Ne5 f6 12. Nxc6 bxc6 13. Nb3 e5 14. Qc2 e4 15. Be2 f5 16. f4 exf3 17. Rxf3 Qh4 18. Nc5 f4 19. Raf1 g5 20. Bd3 Bg4 21. R3f2 Re3 22. Bf5 Rf8 23. Bxg4 Qxg4 24. Qd1 Qxd1 25. Rxd1 Rfe8 26. Nd3 Bf8 27. Rdd2 Bd6 28. Rf3 g4 29. Rxe3 Rxe3 30. Kf2 Kg7 31. Ne1 h5 32. Re2 Re4 33. Nd3 Kf6 34. b4 Kf5 35. Nc5 Bxc5 36. bxc5 Rxe2+ 37. Kxe2 Ke4 0-1

[Event "RA April Active"]
[Site "Ottawa CAN"]
[Date "2005.04.21"]
[Round "6"]
[White "Pacey, Kevin"]
[Black "Gordon, David"]
[Result "1/2-1/2"]
[WhiteElo "2158"]
[BlackElo "2082"]
[PlyCount "71"]
[GameId "2160767910968800"]
[EventDate "2005.04.07"]
[EventType "swiss (rapid)"]
[EventRounds "6"]
[EventCountry "CAN"]

1. d4 c5 2. d5 Nf6 3. c4 b5 4. cxb5 a6 5. bxa6 g6 6. g3 d6 7. Bg2 Bg7 8. Nc3 O-O 9. Nf3 Nxa6 10. O-O Qb6 11. Re1 Nb4 12. a3 Na6 13. e4 Ng4 14. h3 Ne5 15. Nxe5 Bxe5 16. Qc2 Bd7 17. Be3 Rfb8 18. b4 Bxc3 19. Qxc3 cxb4 20. Qb2 Nc5 21. axb4 Rxa1 22. Rxa1 Qxb4 23. Qxb4 Rxb4 24. Bxc5 dxc5 25. Ra7 Ba4 26. Rxe7 Rb1+ 27. Kh2 c4 28. Rc7 Bb5 29. Bf3 Rb3 30. Kg2 Rd3 31. e5 c3 32. d6 Ba4 33. Be4 Rd4 34. Kf3 f5 35. exf6 Rxd6 36. Rxc3 1/2-1/2

[Event "RA Fall op"]
[Site "Ottawa CAN"]
[Date "2005.09.24"]
[Round "1"]
[White "Perkins, Simon"]
[Black "Pacey, Kevin"]
[Result "0-1"]
[WhiteElo "1762"]
[BlackElo "2264"]
[PlyCount "102"]
[GameId "2160767910834611"]
[EventDate "2005.09.23"]
[EventType "swiss"]
[EventRounds "5"]
[EventCountry "CAN"]

1. d4 c6 2. Nf3 d5 3. e3 Nf6 4. Bd3 Bg4 5. Nbd2 e6 6. c4 Be7 7. O-O Nbd7 8. b3 O-O 9. Bb2 Bh5 10. Re1 Bb4 11. Qc2 Bxf3 12. gxf3 Re8 13. c5 e5 14. Rf1 exd4 15. exd4 Qc7 16. a3 Bxd2 17. Qxd2 Nh5 18. Bc1 Nf8 19. Bf5 Ne6 20. Bg4 Nef4 21. Bxh5 Nxh5 22. Qg5 g6 23. Be3 f6 24. Qh4 f5 25. Bg5 Re2 26. Rad1 Rae8 27. Rd3 Kg7 28. Bd2 Qe7 29. Bg5 Qc7 30. Bd2 f4 31. Kh1 Qf7 32. Qg4 Rf8 33. Rg1 Qf5 34. Qxf5 Rxf5 35. Rg2 Nf6 36. Kg1 Ne4 37. Bb4 Rb2 38. Kf1 Ng5 39. Bd2 Nxf3 40. Ba5 Rb1+ 41. Ke2 Nxd4+ 42. Kd2 Nxb3+ 43. Kc2 Nxc5 44. Rc3 Rb5 45. Bc7 d4 46. Rc4 Ne6 47. Bd6 Rfd5 48. Bb4 a5 49. Bd2 Rbc5 50. Kd3 Rxc4 51. Kxc4 b5+ 0-1

[Event "RA Fall op"]
[Site "Ottawa CAN"]
[Date "2005.09.24"]
[Round "2"]
[White "Pacey, Kevin"]
[Black "Xiong, Jerry"]
[Result "1/2-1/2"]
[WhiteElo "2264"]
[BlackElo "1941"]
[PlyCount "73"]
[GameId "2160767910834612"]
[EventDate "2005.09.23"]
[EventType "swiss"]
[EventRounds "5"]
[EventCountry "CAN"]

1. d4 Nf6 2. Nc3 g6 3. e4 d6 4. Nf3 Bg7 5. Be2 O-O 6. O-O c5 7. dxc5 dxc5 8. Qxd8 Rxd8 9. e5 Ng4 10. Bf4 Nc6 11. Rad1 Bf5 12. Nh4 Ngxe5 13. Nxf5 gxf5 14. Bxe5 Bxe5 15. Rxd8+ Rxd8 16. Rd1 Rxd1+ 17. Nxd1 b6 18. c3 f4 19. f3 e6 20. Bb5 Ne7 21. Kf2 Nd5 22. Ke2 Kf8 23. Nf2 Ke7 24. Ba4 Ne3 25. Ng4 Nxg4 26. fxg4 f3+ 27. Kxf3 Bxh2 28. c4 Be5 29. Bc2 Bxb2 30. Bxh7 Kf6 31. Ke4 Kg5 32. Kf3 f5 33. gxf5 exf5 34. Bg8 Kf6 35. Ke3 Ke5 36. Kd3 Bd4 37. a4 1/2-1/2

[Event "RA Fall op"]
[Site "Ottawa CAN"]
[Date "2005.09.24"]
[Round "3"]
[White "Nezirovic, Ozren"]
[Black "Pacey, Kevin"]
[Result "1/2-1/2"]
[WhiteElo "2111"]
[BlackElo "2264"]
[PlyCount "43"]
[GameId "2160767910834613"]
[EventDate "2005.09.23"]
[EventType "swiss"]
[EventRounds "5"]
[EventCountry "CAN"]

1. e4 Nc6 2. Nf3 e5 3. Bc4 Nf6 4. d3 Be7 5. O-O O-O 6. Bb3 d6 7. Re1 Na5 8. Ba4 c5 9. c3 a6 10. h3 b5 11. Bc2 Qc7 12. Nbd2 Re8 13. Nf1 h6 14. Ng3 Bf8 15. Nh4 Qd8 16. Nhf5 Kh7 17. d4 g6 18. Ne3 cxd4 19. cxd4 Bg7 20. d5 Bd7 21. b4 Nb7 22. a3 1/2-1/2

[Event "RA Fall op"]
[Site "Ottawa CAN"]
[Date "2005.09.25"]
[Round "4"]
[White "Pacey, Kevin"]
[Black "Yao, Sammy"]
[Result "1-0"]
[WhiteElo "2264"]
[BlackElo "1927"]
[PlyCount "161"]
[GameId "2160767910834614"]
[EventDate "2005.09.23"]
[EventType "swiss"]
[EventRounds "5"]
[EventCountry "CAN"]

1. d4 Nf6 2. c4 g6 3. Nc3 Bg7 4. e4 d6 5. Be2 O-O 6. Bg5 Na6 7. Qd2 c6 8. h4 h5 9. f3 e5 10. d5 cxd5 11. cxd5 Qa5 12. Nh3 Nc5 13. Rb1 Qb4 14. Nb5 Qxd2+ 15. Kxd2 Bxh3 16. Rxh3 Rfd8 17. Rc1 Rac8 18. b4 Ncxe4+ 19. fxe4 Nxe4+ 20. Ke1 Rxc1+ 21. Bxc1 Rc8 22. Be3 a6 23. Bd3 axb5 24. Bxe4 Rc4 25. Bd3 Rxb4 26. Bc2 Rb2 27. Kd2 Rxa2 28. Rh1 b4 29. Rb1 Ra5 30. Rxb4 Rxd5+ 31. Ke2 Ra5 32. Bb3 b5 33. Bb6 Ra1 34. Rxb5 Bf6 35. Bf2 Be7 36. Rb7 Kf8 37. Be3 Ra8 38. Bh6+ Ke8 39. Bc4 f6 40. Be6 Rd8 41. Be3 Kf8 42. Bb6 Ra8 43. Bc7 g5 44. hxg5 fxg5 45. Rb6 h4 46. Bxd6 Bxd6 47. Rxd6 Ke7 48. Rb6 Rf8 49. Bd5 Rf5 50. Re6+ Kd7 51. Rg6 Ke7 52. Ke3 Rf4 53. Rxg5 Kf6 54. Rg8 Ke7 55. Bf3 Rf6 56. Rg4 Rh6 57. Ke4 Kf6 58. Rg8 h3 59. g3 h2 60. Bh1 Rh5 61. Ra8 Rg5 62. Ra6+ Kf7 63. Kf3 Rh5 64. g4 Rg5 65. Kg3 Ke7 66. Rh6 Kd7 67. Rxh2 Kd6 68. Rc2 Rg7 69. Rc6+ Kd7 70. Be4 Rf7 71. Rc4 Kd6 72. Kh4 Rf4 73. Kh5 Ke7 74. g5 Rf2 75. Kg6 Kd6 76. Kg7 Ke6 77. g6 Kd6 78. Kh8 Rh2+ 79. Kg8 Rf2 80. g7 Ke7 81. Kh8 1-0

[Event "RA Fall op"]
[Site "Ottawa CAN"]
[Date "2005.09.25"]
[Round "5"]
[White "Nambiar, Vivek"]
[Black "Pacey, Kevin"]
[Result "1/2-1/2"]
[WhiteElo "2173"]
[BlackElo "2264"]
[PlyCount "80"]
[GameId "2160767910834615"]
[EventDate "2005.09.23"]
[EventType "swiss"]
[EventRounds "5"]
[EventCountry "CAN"]

1. Nf3 d5 2. c4 e6 3. b3 c5 4. e3 Nf6 5. g3 Be7 6. Bg2 O-O 7. O-O Nc6 8. Bb2 b6 9. Qe2 Bb7 10. Nc3 Qd7 11. Rfd1 Rfd8 12. cxd5 Nxd5 13. d4 cxd4 14. Nxd4 Nxd4 15. Rxd4 Bf6 16. Rdd1 Bxc3 17. Bxd5 Bxd5 18. Bxc3 Qb7 19. Qg4 f5 20. Qh4 Rdc8 21. Qd4 Rc7 22. Rac1 Rac8 23. Bb2 Bf3 24. Rxc7 Qxc7 25. Re1 Rd8 26. Qe5 Qxe5 27. Bxe5 Rc8 28. a4 g5 29. h3 Kf7 30. Ra1 Rc2 31. Kf1 Ke7 32. Ke1 Kd7 33. Bf6 g4 34. hxg4 fxg4 35. Bd4 Kc6 36. a5 Kb5 37. axb6 axb6 38. Ra7 Re2+ 39. Kf1 Rc2 40. Ke1 Re2+ 1/2-1/2

[Event "RA Introductory Active"]
[Site "Ottawa CAN"]
[Date "2005.09.01"]
[Round "1"]
[White "Pacey, Kevin"]
[Black "Xiong, Wei"]
[Result "0-1"]
[WhiteElo "2157"]
[BlackElo "1538"]
[PlyCount "60"]
[GameId "2160767910900546"]
[EventDate "2005.09.01"]
[EventType "swiss (rapid)"]
[EventRounds "6"]
[EventCountry "CAN"]

1. e4 c5 2. Nf3 Nc6 3. Bb5 a6 4. Bxc6 bxc6 5. O-O d6 6. d4 cxd4 7. Qxd4 Nf6 8. e5 c5 9. Qh4 dxe5 10. Nc3 Bb7 11. Qa4+ Qd7 12. Nxe5 Qxa4 13. Nxa4 Ne4 14. f3 Nd6 15. Nxc5 g6 16. Nxb7 Nxb7 17. Re1 Bg7 18. Bd2 a5 19. Nd3 e6 20. a4 Rc8 21. Rac1 O-O 22. Ne5 Rfd8 23. Bf4 Rd5 24. Nd3 Nd6 25. Be5 Bxe5 26. Nxe5 Kg7 27. Re2 Nf5 28. c3 h5 29. Rce1 f6 30. c4 Rd4 0-1

[Event "RA Introductory Active"]
[Site "Ottawa CAN"]
[Date "2005.09.01"]
[Round "2"]
[White "Marinkovic, Mate"]
[Black "Pacey, Kevin"]
[Result "0-1"]
[WhiteElo "1328"]
[BlackElo "2157"]
[PlyCount "74"]
[GameId "2160767910900547"]
[EventDate "2005.09.01"]
[EventType "swiss (rapid)"]
[EventRounds "6"]
[EventCountry "CAN"]

1. e4 Nc6 2. d4 e5 3. Nf3 exd4 4. Nxd4 Qf6 5. Nxc6 Bc5 6. Qf3 Qxf3 7. gxf3 bxc6 8. Be3 Bxe3 9. fxe3 Nf6 10. Nc3 d6 11. O-O-O Be6 12. b3 Rb8 13. Kb2 Nd7 14. h4 O-O 15. Bh3 Ne5 16. Bxe6 fxe6 17. f4 Nc4+ 18. Kc1 Nxe3 19. Rd3 Ng2 20. Rg3 Nxf4 21. Rhg1 g6 22. Kd2 e5 23. Ne2 d5 24. exd5 cxd5 25. Nxf4 exf4 26. Rg4 Rf5 27. Rf1 Rbf8 28. Kd3 c5 29. c4 d4 30. Ke4 Re8+ 31. Kd3 Re3+ 32. Kd2 f3 33. Rf2 Rfe5 34. Kd1 Re1+ 35. Kc2 R1e2+ 36. Rxe2 fxe2 37. Rg1 e1=Q 0-1

[Event "RA Introductory Active"]
[Site "Ottawa CAN"]
[Date "2005.09.01"]
[Round "3"]
[White "Pacey, Kevin"]
[Black "Peters, Romy"]
[Result "1-0"]
[WhiteElo "2157"]
[BlackElo "1420"]
[PlyCount "61"]
[GameId "2160767910900548"]
[EventDate "2005.09.01"]
[EventType "swiss (rapid)"]
[EventRounds "6"]
[EventCountry "CAN"]

1. f4 d5 2. Nf3 Nf6 3. e3 Bg4 4. b3 e6 5. Bb2 Be7 6. h3 Bh5 7. g4 Bg6 8. Bg2 Be4 9. Nc3 Bxf3 10. Qxf3 Nc6 11. Ne2 Nb4 12. Kd1 Qd6 13. a3 Nc6 14. g5 Ne4 15. Bxg7 Rg8 16. Bb2 O-O-O 17. d3 Nc5 18. Kc1 e5 19. fxe5 Nxe5 20. Qf5+ Ne6 21. Bxe5 Rxg5 22. Qxg5 Bxg5 23. Bxd6 Bxe3+ 24. Kb2 Rxd6 25. Raf1 Rd7 26. Rf5 c6 27. Rhf1 Ng5 28. h4 Ne6 29. Rxf7 h6 30. Bh3 Rxf7 31. Rxf7 1-0

[Event "RA Introductory Active"]
[Site "Ottawa CAN"]
[Date "2005.09.08"]
[Round "4"]
[White "Mai, Lloyd"]
[Black "Pacey, Kevin"]
[Result "0-1"]
[WhiteElo "1878"]
[BlackElo "2157"]
[PlyCount "130"]
[GameId "2160767910900549"]
[EventDate "2005.09.01"]
[EventType "swiss (rapid)"]
[EventRounds "6"]
[EventCountry "CAN"]

1. e4 e6 2. d3 d5 3. Qe2 dxe4 4. dxe4 Nc6 5. Nf3 e5 6. Be3 Bg4 7. Nbd2 Qf6 8. h3 Bxf3 9. Qxf3 Nd4 10. Bxd4 exd4 11. O-O-O O-O-O 12. Nc4 Qxf3 13. gxf3 Bd6 14. Nxd6+ Rxd6 15. Rg1 g6 16. e5 Rd8 17. Rg4 c5 18. Bd3 f5 19. Rgg1 Ne7 20. Bc4 Nd5 21. Bxd5 Rxd5 22. f4 Kd7 23. h4 Ke6 24. b3 b5 25. Kd2 Rd7 26. Ke2 Rb8 27. Kf3 Rb6 28. Rge1 Ra6 29. Ra1 d3 30. c3 d2 31. Red1 Rd3+ 32. Ke2 Rxc3 33. Rxd2 Rxb3 34. Rc1 Rb4 35. Rxc5 Rxf4 36. Rxb5 Rxh4 37. Rb7 Kxe5 38. Re7+ Kf6 39. Rdd7 Rxa2+ 40. Kf3 a5 41. Rxh7 Rxh7 42. Rxh7 Ra3+ 43. Kg2 g5 44. Ra7 Ke5 45. Ra8 Kf4 46. Ra7 Ra2 47. Ra6 g4 48. Rc6 Kg5 49. Rc5 a4 50. Ra5 Kf4 51. Rb5 Re2 52. Rb4+ Re4 53. Rb5 Rc4 54. Ra5 Ke4 55. Ra8 Kd3 56. f3 gxf3+ 57. Kxf3 Kc3 58. Ke3 f4+ 59. Kf3 Kb3 60. Ke2 a3 61. Kd3 Ra4 62. Rb8+ Rb4 63. Rc8 a2 64. Rc3+ Kb2 65. Rc2+ Kb1 0-1

[Event "RA Introductory Active"]
[Site "Ottawa CAN"]
[Date "2005.09.08"]
[Round "5"]
[White "Gordon, David"]
[Black "Pacey, Kevin"]
[Result "0-1"]
[WhiteElo "2058"]
[BlackElo "2157"]
[PlyCount "52"]
[GameId "2160767910900550"]
[EventDate "2005.09.01"]
[EventType "swiss (rapid)"]
[EventRounds "6"]
[EventCountry "CAN"]

1. d4 c6 2. c4 d5 3. cxd5 cxd5 4. Nc3 Nf6 5. Nf3 Nc6 6. Bf4 a6 7. e3 Bg4 8. Be2 e6 9. Qb3 Bb4 10. O-O Bxc3 11. bxc3 Na5 12. Qb4 Ne4 13. Rfc1 Bxf3 14. gxf3 Nd2 15. e4 Ndc4 16. exd5 Qxd5 17. Bc7 Rc8 18. Bxa5 Nxa5 19. c4 Qg5+ 20. Kh1 Nc6 21. Qxb7 O-O 22. d5 Nd4 23. Rg1 Qd2 24. Rad1 Qxe2 25. Rxd4 Qxf3+ 26. Rg2 Rb8 0-1

[Event "RA Introductory Active"]
[Site "Ottawa CAN"]
[Date "2005.09.08"]
[Round "6"]
[White "Pacey, Kevin"]
[Black "De Kerpel, Stijn"]
[Result "1/2-1/2"]
[WhiteElo "2157"]
[BlackElo "2031"]
[PlyCount "51"]
[GameId "2160767910900551"]
[EventDate "2005.09.01"]
[EventType "swiss (rapid)"]
[EventRounds "6"]
[EventCountry "CAN"]

1. g3 d5 2. Nf3 c5 3. c4 d4 4. b4 cxb4 5. a3 Nc6 6. axb4 Nxb4 7. Qa4+ Nc6 8. d3 Bd7 9. Qb3 b6 10. Bg2 Rc8 11. Ba3 g6 12. O-O Bg7 13. Bb2 e5 14. Na3 Na5 15. Qa2 Ne7 16. e3 O-O 17. exd4 exd4 18. Bxd4 Bxd4 19. Nxd4 Bg4 20. Nac2 Nec6 21. Nxc6 Nxc6 22. Ne3 Be6 23. Nd5 Bxd5 24. cxd5 Nb4 25. Qxa7 Nxd5 26. Bxd5 1/2-1/2

[Event "RA March Active"]
[Site "Ottawa CAN"]
[Date "2005.03.20"]
[Round "1"]
[White "Giroux, Dave"]
[Black "Pacey, Kevin"]
[Result "0-1"]
[WhiteElo "1657"]
[BlackElo "2145"]
[PlyCount "120"]
[GameId "2160767910965398"]
[EventDate "2005.03.20"]
[EventType "swiss (rapid)"]
[EventRounds "4"]
[EventCountry "CAN"]

1. Nf3 c5 2. b3 d6 3. e3 Nc6 4. d4 cxd4 5. exd4 Bg4 6. Bb2 e6 7. Nbd2 Nf6 8. Be2 Be7 9. O-O O-O 10. h3 Bh5 11. Re1 d5 12. Ne5 Bg6 13. Nxg6 hxg6 14. c4 dxc4 15. Nxc4 Nd5 16. a3 Bf6 17. Ne5 Bxe5 18. dxe5 Nf4 19. Bf1 Qxd1 20. Raxd1 Rfd8 21. g3 Rxd1 22. Rxd1 Nd5 23. Bg2 Nce7 24. Rc1 Kf8 25. Kf1 Ke8 26. Bd4 Kd7 27. Ke2 b6 28. Kd2 Rc8 29. Rxc8 Kxc8 30. Bf1 Kb7 31. Bb5 Nc6 32. Kd3 Nc7 33. Bxc6+ Kxc6 34. a4 Kd5 35. f4 Na6 36. Kc3 Nb8 37. h4 Nc6 38. Bf2 Ke4 39. Kc4 Na5+ 40. Kb5 Nxb3 41. Ka6 Nc5+ 42. Kxa7 Nxa4 43. Ka6 Nc5+ 44. Kxb6 Nd3 45. Bg1 Kf3 46. Kc6 Kxg3 47. Kd7 Kxf4 48. Bh2+ Kf5 49. Ke7 Nxe5 50. Kf8 Kf6 51. Bf4 Nf3 52. Bg3 e5 53. Bf2 e4 54. Kg8 g5 55. h5 g4 56. Kh7 g3 57. Bxg3 e3 58. Bc7 e2 59. Ba5 e1=Q 60. Bxe1 Nxe1 0-1

[Event "RA March Active"]
[Site "Ottawa CAN"]
[Date "2005.03.20"]
[Round "2"]
[White "Pacey, Kevin"]
[Black "Patterson, Roger"]
[Result "1/2-1/2"]
[WhiteElo "2145"]
[BlackElo "2144"]
[PlyCount "64"]
[GameId "2160767910965399"]
[EventDate "2005.03.20"]
[EventType "swiss (rapid)"]
[EventRounds "4"]
[EventCountry "CAN"]

1. d4 Nf6 2. c4 e6 3. Nc3 Bb4 4. Bg5 h6 5. Bh4 g5 6. Bg3 Ne4 7. Qc2 Bxc3+ 8. bxc3 Nxg3 9. hxg3 b6 10. e4 Bb7 11. Nf3 d6 12. Bd3 Nd7 13. Nd2 Qf6 14. Nf1 c5 15. d5 Ne5 16. Ne3 h5 17. O-O-O Ng4 18. Nxg4 hxg4 19. dxe6 fxe6 20. Rxh8+ Qxh8 21. f4 gxf3 22. gxf3 Qe5 23. Rg1 O-O-O 24. Kb2 Rf8 25. Be2 d5 26. cxd5 exd5 27. exd5 Bxd5 28. Qd3 c4 29. Qd2 Bxf3 30. Bxc4 Rd8 31. Qf2 Qc5 32. Qxc5+ bxc5 1/2-1/2

[Event "RA March Active"]
[Site "Ottawa CAN"]
[Date "2005.03.20"]
[Round "3"]
[White "De Kerpel, Stijn"]
[Black "Pacey, Kevin"]
[Result "1/2-1/2"]
[WhiteElo "2047"]
[BlackElo "2145"]
[PlyCount "59"]
[GameId "2160767910965400"]
[EventDate "2005.03.20"]
[EventType "swiss (rapid)"]
[EventRounds "4"]
[EventCountry "CAN"]

1. e4 c5 2. Nf3 e6 3. c4 Nc6 4. Nc3 Nf6 5. d4 cxd4 6. Nxd4 Bb4 7. Nxc6 dxc6 8. Qxd8+ Kxd8 9. Bg5 e5 10. Rc1 Kc7 11. f3 Bc5 12. a3 a5 13. Bd3 Be6 14. Nd5+ Bxd5 15. cxd5 Bd4 16. dxc6 bxc6 17. Bb5 c5 18. a4 Ne8 19. Be7 Nd6 20. Bxd6+ Kxd6 21. b3 g6 22. Ke2 f5 23. Rhf1 f4 24. Rc2 Rag8 25. Bc4 Rg7 26. Rh1 g5 27. h3 Rg6 28. Kd3 Kc7 29. Bd5 Kb6 30. Bf7 1/2-1/2

[Event "RA March Active"]
[Site "Ottawa CAN"]
[Date "2005.03.20"]
[Round "4"]
[White "Barclay, Wayne"]
[Black "Pacey, Kevin"]
[Result "0-1"]
[WhiteElo "2149"]
[BlackElo "2145"]
[PlyCount "70"]
[GameId "2160767910965401"]
[EventDate "2005.03.20"]
[EventType "swiss (rapid)"]
[EventRounds "4"]
[EventCountry "CAN"]

1. e4 e5 2. Nf3 Nc6 3. Bc4 Nf6 4. Ng5 Bc5 5. Bxf7+ Ke7 6. Bd5 Rf8 7. O-O Qe8 8. c3 d6 9. d4 exd4 10. Bxc6 bxc6 11. cxd4 Bb6 12. e5 dxe5 13. dxe5 Ng4 14. Nh3 Qh5 15. Bg5+ Kf7 16. Nc3 Kg8 17. Ne4 Bf5 18. Ng3 Qg6 19. Nxf5 Qxf5 20. Qb3+ Kh8 21. Qg3 Nxe5 22. Kh1 Rae8 23. Rad1 Ng6 24. b4 Re2 25. a4 a5 26. bxa5 Bxa5 27. Qd3 Qxd3 28. Rxd3 Ra2 29. Rd4 Re8 30. Nf4 Nxf4 31. Bxf4 Bb6 32. Rd2 Rxa4 33. Be5 Kg8 34. Bb2 Rae4 35. g3 Re2 0-1

[Event "RA May Active"]
[Site "Ottawa CAN"]
[Date "2005.05.29"]
[Round "1"]
[White "Pacey, Kevin"]
[Black "Schaper, Grant"]
[Result "1-0"]
[WhiteElo "2187"]
[BlackElo "1432"]
[PlyCount "103"]
[GameId "2160767910968108"]
[EventDate "2005.05.29"]
[EventType "swiss (rapid)"]
[EventRounds "4"]
[EventCountry "CAN"]

1. e4 c5 2. Nf3 d6 3. d4 cxd4 4. Nxd4 Nf6 5. Nc3 a6 6. Be3 e6 7. f3 Be7 8. Qd2 Bd7 9. O-O-O b5 10. g4 e5 11. Nf5 Bxf5 12. exf5 b4 13. Ne4 d5 14. Nxf6+ Bxf6 15. Qxd5 Qxd5 16. Rxd5 Nc6 17. Rd6 Nd4 18. Rxa6 Rxa6 19. Bxa6 O-O 20. Bb7 Rd8 21. Be4 Ne2+ 22. Kb1 Be7 23. Bd3 Nd4 24. f4 Nf3 25. h3 exf4 26. Bxf4 Bc5 27. Rf1 Nd4 28. Re1 Kf8 29. f6 Nf3 30. Rf1 Nd4 31. fxg7+ Kxg7 32. Be5+ Kf8 33. Bxh7 Nf3 34. Bf4 Nd2+ 35. Bxd2 Rxd2 36. Bg6 Kg7 37. Bxf7 Rh2 38. Bd5 Rxh3 39. Bf3 Kg6 40. c3 Rh2 41. cxb4 Bxb4 42. Rc1 Rf2 43. Be4+ Kg5 44. Bf5 Bd2 45. Rd1 Bf4 46. Re1 Rd2 47. a3 Kf6 48. Re6+ Kf7 49. Ka2 Rd5 50. b4 Rd2+ 51. Kb3 Bc7 52. a4 1-0

[Event "RA May Active"]
[Site "Ottawa CAN"]
[Date "2005.05.29"]
[Round "2"]
[White "Patterson, Roger"]
[Black "Pacey, Kevin"]
[Result "1/2-1/2"]
[WhiteElo "2118"]
[BlackElo "2187"]
[PlyCount "54"]
[GameId "2160767910968109"]
[EventDate "2005.05.29"]
[EventType "swiss (rapid)"]
[EventRounds "4"]
[EventCountry "CAN"]

1. e4 e5 2. Nf3 Nc6 3. Bb5 a6 4. Ba4 Nf6 5. O-O Nxe4 6. d4 b5 7. Bb3 d5 8. dxe5 Be6 9. c3 Bc5 10. Nbd2 O-O 11. Bc2 Nxf2 12. Rxf2 Bxf2+ 13. Kxf2 f6 14. exf6 Qxf6 15. Nf1 Ne5 16. Be3 Rae8 17. Kg1 Nxf3+ 18. Qxf3 Qxf3 19. gxf3 Rxf3 20. Bc5 Bh3 21. Ng3 h5 22. Bg6 Re5 23. Bxh5 Rxg3+ 24. hxg3 Rxh5 25. Re1 Rh6 26. Re8+ Kh7 27. Re7 c6 1/2-1/2

[Event "RA May Active"]
[Site "Ottawa CAN"]
[Date "2005.05.29"]
[Round "3"]
[White "Pacey, Kevin"]
[Black "Spicer, Christopher"]
[Result "1/2-1/2"]
[WhiteElo "2187"]
[BlackElo "1860"]
[PlyCount "66"]
[GameId "2160767910968110"]
[EventDate "2005.05.29"]
[EventType "swiss (rapid)"]
[EventRounds "4"]
[EventCountry "CAN"]

1. e4 c5 2. Nf3 d6 3. d4 cxd4 4. Nxd4 Nf6 5. Nc3 Nc6 6. Bg5 Qb6 7. Nb3 e6 8. Be2 Be7 9. O-O a5 10. a4 O-O 11. Be3 Qc7 12. f4 Nb4 13. Bd3 g6 14. Kh1 d5 15. e5 Nd7 16. Nb5 Qd8 17. Be2 Nb6 18. Bc5 Bd7 19. c3 Na6 20. Bxe7 Qxe7 21. N3d4 Nc5 22. b3 Bc6 23. Nxc6 bxc6 24. Nd6 Nc8 25. Nxc8 Rfxc8 26. Bd3 Nxd3 27. Qxd3 c5 28. c4 d4 29. Qf3 Rab8 30. Rad1 Rb6 31. Rd3 Rcb8 32. g3 Rb4 33. Kg2 Qb7 1/2-1/2